00364nam a2200145Ia 4500008004100000050000900041050001600050100001900066245003600085245001800121260001700139260002900156260000900185440002400194170203s9999 xx 000 0 und d aFic  b.A162d 2007 aAbrera, Manix. aDie! die, evil! die! ahrrrgh! / cManix Abrera. aPasay City : bVisual Prin Enterprises. c2007 aKiko machine komix.